000 00278nam a22001097a 4500
008 160427b xxu||||| |||| 00| 0 eng d
020 _a9780803636651
041 _aeng
080 _a618.2
245 _aMarernal Child nursing care:
_cSusan Ward ; Shelton Hisley;
942 _2udc
_cBK
999 _c1622
_d1622